Statistics for Vietnam: Ho Chi Minh City...or Hanoi?

Click here to take the quiz!

General Stats

  • This quiz has been taken 321 times
    (280 since last reset)
  • The average score is 12 of 17

Answer Stats

QuestionAnswer% Correct
Which was/is called Saigon?Ho Chi Minh City
96%
Which is the capital of Vietnam?Hanoi
92%
Which is in the north of Vietnam?Hanoi
92%
Within the city limits, which has a higher population?Ho Chi Minh City
92%
Which city was "liberated" on April 30, 1975?Ho Chi Minh City
83%
In which is Vietnamese the major language?Both
82%
Which has Landmark 81, the 14th tallest building in the world?Ho Chi Minh City
81%
Which is within 100 miles of UNESCO site Ha Long Bay?Hanoi
80%
Which contains the legendary "Lake of the Returned Sword"?Hanoi
75%
Where is the approximate birthplace of phở noodle soup?Hanoi
75%
Which was once a Khmer city?Ho Chi Minh City
75%
Which city is visited by more people every year?Ho Chi Minh City
74%
Where would you find Ho Chi Minh's mausoleum?Hanoi
73%
Which was founded over a thousand years ago?Hanoi
72%
Which lies on the bank of a river?Both
48%
In which city would you find a French-style opera house?Both
27%
Between 2008 and 2025, which city is predicted to have the fastest-growing GDP in the world?Hanoi
14%

Score Distribution

Percentile by Number Answered

Percent of People with Each Score

Your Score History

You have not taken this quiz since the last reset